000 00889cab a2200265 4500
001 ABS60106
008 090401t1999 xxu||||| |||| 00| 0 eng d
035 _a(Sirsi) u91312
041 _aeng
100 _aSpring, M.
245 4 _aThe new prescription
260 _c1999
350 _a0
490 _aBuilding
_v264(8074) 12 February 1999, 38-43(4)
520 _aA review of the head office for Boots the Chemist in Nottingham, designed by DEGW, providing flexible office space for new working practices. Includes illustrations of office layout, a cost commentary and cost summary.
650 _aBOOTS THE CHEMIST
650 _aBUILT ENVIRONMENT-BUILDING COSTS
650 _aHEADQUARTERS BUILDINGS
650 _aNOTTINGHAM
650 _aOFFICE BUILDINGS
650 _aOFFICE LAYOUT
690 _aBUILDING AND CONSTRUCTION-PROJECTS
942 _n0
948 _c12/02/1999
999 _c57950
_d57950